La Pologne pour les touristes... - Facile - Statistiques

Statistiques générales
  • Ce quiz a été pris 82 fois
  • Le résultat moyen est 15 sur 21
Statistiques - réponses
Question Indice Réponses Indice facile % Correct
Quelle est la langue officielle ? Polonais P
99%
La conduite se fait à droite ou à gauche ? Droite
94%
Dans la capitale y-a-t-il un décalage horaire avec Paris ? (oui/non) Non
93%
V Varsovie
93%
Quelles autres langues sont répandues ? R Russe
91%
Quelles autres langues sont répandues ? A Allemand
87%
Quelles sont les principales villes touristiques ? C Cracovie CORIACEV
87%
Quelle est la monnaie ? Zloty Z
77%
Quelles autres langues sont répandues ? A Anglais
76%
G Gdansk KANSDG
76%
Le suffixe internet est pl
71%
W Wroclaw CRAWLOW
71%
L Lodz ZODL
70%
La vitesse sur autoroute est limitée à {140} km/h
67%
P Poznan PAONNZ
61%
3/ Figurines en... Bois BIOS
60%
La religion majoritaire est catholicisme C
57%
Le taux d'alcoolémie toléré au volant est de {0.5} g/l
56%
Achats à faire 1/ Résine fossile Ambre BRAME
46%
2/ Réalisée avec de l'argile Poterie PETOIRE
30%
Quels parc national peut-on visiter ? B Bialowieza ABOLIEAIWZ
10%
Aucun quiz correspondant
Distribution des résultats
% des personnes avec chaque résultat
Percentile par nombre de réponses
Votre historique - résultats
Vous n’avez pas pris ce quiz